000 00497nam a22001695i 4500
001 171686
003 ES-MaACL
005 20250911063603.0
008 090526s1962 sp |||| | spa d
080 _a929 Soler, Bartolomé
100 1 _aSoler, Bartolomé,
_d1894-1975
_9107138
245 1 0 _aMis primeros caminos /
_cBartolomé Soler.
260 _aBarcelona :
_bJuventud,
_c[1962]
300 _a605 p. ;
_c25 cm.
852 _aES-MaACL
_jC-22453
_9R.51054
999 _c171686
_d171686